<?xml version='1.0' encoding='UTF-8'?><?xml-stylesheet href='static/style.xsl' type='text/xsl'?><OAI-PMH xmlns="http://www.openarchives.org/OAI/2.0/" xmlns:xsi="http://www.w3.org/2001/XMLSchema-instance" xsi:schemaLocation="http://www.openarchives.org/OAI/2.0/ http://www.openarchives.org/OAI/2.0/OAI-PMH.xsd"><responseDate>2026-04-30T08:13:36Z</responseDate><request verb="GetRecord" identifier="oai:ebiltegia.mondragon.edu:20.500.11984/7151" metadataPrefix="marc">https://ebiltegia.mondragon.edu/oai/request</request><GetRecord><record><header><identifier>oai:ebiltegia.mondragon.edu:20.500.11984/7151</identifier><datestamp>2025-05-29T06:15:30Z</datestamp><setSpec>com_20.500.11984_1136</setSpec><setSpec>col_20.500.11984_1142</setSpec></header><metadata><record xmlns="http://www.loc.gov/MARC21/slim" xmlns:dcterms="http://purl.org/dc/terms/" xmlns:xsi="http://www.w3.org/2001/XMLSchema-instance" xmlns:doc="http://www.lyncode.com/xoai" xsi:schemaLocation="http://www.loc.gov/MARC21/slim http://www.loc.gov/standards/marcxml/schema/MARC21slim.xsd">
   <leader>00925njm 22002777a 4500</leader>
   <datafield ind2=" " ind1=" " tag="042">
      <subfield code="a">dc</subfield>
   </datafield>
   <datafield ind2=" " ind1=" " tag="720">
      <subfield code="a">Eizagirre, Andoni</subfield>
      <subfield code="e">author</subfield>
   </datafield>
   <datafield ind2=" " ind1=" " tag="260">
      <subfield code="c">2025</subfield>
   </datafield>
   <datafield ind2=" " ind1=" " tag="520">
      <subfield code="a">Txosten honek Gipuzkoako gizarteari egindako irtzi-inkestaren emaitzak aurkezten ditu. Bizitza pertsonalari eta sozialari loturiko gai ezberdinei buruzko iritziak jakiteko helburua du, gipuzkoarren kezken, balioen, eta itxaropenen berri ematen diguten hainbat gairi kontu eginaz. Aztergai nagusiak hauek dira: erakundeekiko eta pertsonekiko konfi antza, ekonomia, ingurumena eta aldaketa klimatikoa, immigrazioaren eta multikulturalismoaren eragina, hezkuntzaren arloko lehentasunak, eta aurrerapen teknologikoen pertzepzioa eta laneko eremuan automatizazioari eta adimen artifi zialari lotutako balizko arriskuak. Iritzi-galdetegiko emaitzek aukera ematen digute lurraldearen etorkizuneko garapenean herritarren lehentasunak ezagutzeko.</subfield>
   </datafield>
   <datafield ind1="8" ind2=" " tag="024">
      <subfield code="a">978-84-09-73229-6</subfield>
   </datafield>
   <datafield ind1="8" ind2=" " tag="024">
      <subfield code="a">https://katalogoa.mondragon.edu/janium-bin/janium_login_opac.pl?find&amp;ficha_no=188858</subfield>
   </datafield>
   <datafield ind1="8" ind2=" " tag="024">
      <subfield code="a">https://hdl.handle.net/20.500.11984/7151</subfield>
   </datafield>
   <datafield ind2="0" ind1="0" tag="245">
      <subfield code="a">Gizarte joerei buruzko iritziak Gipuzkoan</subfield>
   </datafield>
</record></metadata></record></GetRecord></OAI-PMH>